000 00482nam a2200181 a 4500
001 1768630936795
003 YourLibrary
005 20260117115421.0
008 260117s2004##################000#0#eng##
020 _a9780393326253
082 0 4 _a618.740092
_bNUL
100 1 _aNuland, Sherwin B,
_eauthor.
245 1 0 _aDoctors Plague :
260 _bNational Geographic Books,
_c2004.
650 0 _aHealth & Fitness.
942 _cENGLISH
040 _aYourLibrary
_beng
_cYourLibrary
999 _c608470
_d608470